<?xml version="1.0" encoding="UTF-8"?>
<marc:record xmlns:marc="http://www.loc.gov/MARC21/slim">
   <marc:leader>00000nam a2200000 a 4500</marc:leader>
   <marc:datafield ind1=" " ind2=" " tag="653">
      <marc:subfield code="a">Wörterbuch</marc:subfield>
   </marc:datafield>
   <marc:datafield ind1=" " ind2=" " tag="653">
      <marc:subfield code="a">Duden</marc:subfield>
   </marc:datafield>
   <marc:datafield ind1=" " ind2=" " tag="653">
      <marc:subfield code="a">Fremdwort</marc:subfield>
   </marc:datafield>
   <marc:datafield ind1="0" ind2="0" tag="245">
      <marc:subfield code="a">Das Fremdwörterbuch</marc:subfield>
   </marc:datafield>
   <marc:datafield ind1=" " ind2="1" tag="264">
      <marc:subfield code="c">1997</marc:subfield>
   </marc:datafield>
   <marc:datafield ind1="1" ind2=" " tag="490">
      <marc:subfield code="a">Der Duden</marc:subfield>
   </marc:datafield>
   <marc:datafield ind1="1" ind2=" " tag="520">
      <marc:subfield code="a">Die Rechtschreibreform erzwingt die Neubearbeitung aller Lexika, so auch des Fremdsprachendudens (zuletzt BA 8/90). Die neuen Regeln haben gerade hier zu zahlreichen eindeutschenden Veränderungen geführt. Varianten sind angegeben. Ebenso die neuen Trennvorschriften. Zusätzlich wurden wiederum zahlreiche neue Begriffe aufgenommen, so z.B. Cypersprace und Inlineskate. Weiterhin ein Muss für alle Bibliotheken. Bis 1998 kann die alte Auflage parallel laufen. (1 A,S)</marc:subfield>
   </marc:datafield>
   <marc:datafield ind1="3" ind2=" " tag="024">
      <marc:subfield code="a">3411040564</marc:subfield>
   </marc:datafield>
</marc:record>
